¡Déjenos hablar!: profesores y estudiantes tejen historias orales en el espacio escolar

La diversidad de los temas incluidos en este libro nos indica la múltiples posibilidades que proporciona la historia oral cuando es incorporada al aula de clase.

Guardat en:
Dades bibliogràfiques
Altres autors: Vega Cantor, Ranán (comp.), Castaño Támara, Ricardo (Comp.)
Format: Llibre
Idioma:Spanish
Publicat: Bogotá: UPN ; IDEP, [1998?]
Matèries:
Accés en línia:Enlace del recurso
Etiquetes: Afegir etiqueta
Sense etiquetes, Sigues el primer a etiquetar aquest registre!

MARC

LEADER 00000nam a2200000 a 4500
001 001386
008 041008s1998 ck a fr# o000|0#spa#d
020 |a 958-9097-27-8 
041 0 |a spa 
043 |a s-ck--- 
082 0 4 |a 306.432  |b V231d 
245 0 0 |a ¡Déjenos hablar!:  |b profesores y estudiantes tejen historias orales en el espacio escolar   |c compilñado por Ranán Vega Cantor; Ricardo Castaño Támara 
260 |a Bogotá:  |b UPN ; IDEP,  |c [1998?] 
300 |a 211 p.il. 
504 |a Incluye bibliografía. 
520 3 |a La diversidad de los temas incluidos en este libro nos indica la múltiples posibilidades que proporciona la historia oral cuando es incorporada al aula de clase. 
650 1 4 |a HISTORIA ORAL  |z COLOMBIA 
650 1 4 |a INVESTIGACIÓN EDUCATIVA 
700 1 |a Vega Cantor, Ranán,  |e comp. 
700 1 |a Castaño Támara, Ricardo,  |e Comp. 
999 |c 3538  |d 3538 
856 |u https://catalogo.idep.edu.co/cgi-bin/koha/opac-detail.pl?biblionumber=3538  |z Enlace del recurso